00758cam a2200229 450000100060000000300080000600500170001400800410003103500200007204000270009204100080011908200210012710000280014824500240017626000460020030000210024665000450026765500400031294200120035299900170036495201470038117992BD-RjUL20211209000225.0140219s1967 enk 000 1 eng d a(BD-RjUL) 18050 aDLCcDLCdBD-RjULbeng aeng a813.5bGRW 19671 aGraham, Winston.95546114aThe walking stick / aNew York :bDoubleday and Company,c1967. a278 p. ;c21 cm. 0aPoliomyelitisxPatientsxFiction.955462 7aPsychological fiction.2lcsh955476 2ddccBK c17992d17992 00102ddc40718FICaRUCLbRUCLcReadingd1968-03-28eDoufle and Companyg0.00l0o813.5 GRW 1967r2014-02-19 00:00:00tC-1w2014-02-19yBK